000 00216nam a22000857a 4500
008 160630b xxu||||| |||| 00| 0 eng d
100 _91617
_a Millar, C.J
245 _aRepentance and 20th Century Man
260 _aUSA
_c1980
999 _c1341
_d1341